Computer Fundamentals/ (Record no. 198515)

MARC details
000 -LEADER
fixed length control field 00642nam a22002297a 4500
005 - DATE AND TIME OF LATEST TRANSACTION
control field 20231122114744.0
010 ## - LCCN (DPL NO)
LC control number ENG-138238
020 ## - INTERNATIONAL STANDARD BOOK NUMBER
Terms of availability 9789380722078
035 ## - SYSTEM CONTROL NUMBER
System control number EN-121770
037 ## - SOURCE OF ACQUISITION
Source of stock number/acquisition DBAD/PUB
082 ## - DEWEY DECIMAL CLASSIFICATION NUMBER
Classification number 004.25
245 ## - TITLE STATEMENT
Title Computer Fundamentals/
260 ## - PUBLICATION, DISTRIBUTION, ETC. (IMPRINT)
Place of publication, distribution, etc Rajasthan
Name of publisher, distributor, etc Ajmer Bank Company
Date of publication, distribution, etc 2013
270 ## - ADDRESS
Address Tripola Bazaar
City Jaipur
Postal code 302002
300 ## - PHYSICAL DESCRIPTION
Extent 240p
Dimensions 24cm(pbk)
700 ## - ADDED ENTRY--PERSONAL NAME
Personal name Rajeev Srivastava
9 (RLIN) 56902
700 ## - ADDED ENTRY--PERSONAL NAME
Personal name Radhey Shyam Sharma
9 (RLIN) 57290
700 ## - ADDED ENTRY--PERSONAL NAME
Personal name Arvind Saini
9 (RLIN) 57291
700 ## - ADDED ENTRY--PERSONAL NAME
Personal name Jitender Verma
9 (RLIN) 57280
700 ## - ADDED ENTRY--PERSONAL NAME
Personal name Aruna Sharma
9 (RLIN) 57308
942 ## - ADDED ENTRY ELEMENTS (KOHA)
Source of classification or shelving scheme Dewey Decimal Classification
Item type English Books
Classification part 004.25
Call number suffix SRI
Holdings
Withdrawn status Lost status Not for loan Collection code Home library Current library Date acquired Source of acquisition Cost, normal purchase price Full call number Barcode Copy number Cost, replacement price Koha item type
      Non-fiction Bawana Bawana 22/09/2023 DBAD/PUB 400.00 004.25 SRI EN-121770 1 400.00 English Books

© Delhi Public Library
Hit Counter
free hit counter